[Event "MGL-ch (Women) 51st"]
[Site "Murun"]
[Date "2019.09.28"]
[Round "10"]
[White "Udval, Enkhsaikhan"]
[Black "Lkhamsuren, Uuganbayar"]
[Result "0-1"]
[WhiteElo "1721"]
[BlackElo "2161"]
[PlyCount "128"]
[EventDate "2019.09.21"]
[EventType "tourn"]
[EventRounds "11"]
[EventCountry "MGL"]
[SourceTitle "EXT 2020"]
[Source "ChessBase"]
[SourceDate "2019.10.17"]
[SourceVersion "1"]
[SourceVersionDate "2019.10.17"]
[SourceQuality "1"]

1. e4 e6 2. d4 d5 3. e5 c5 4. c3 Nc6 5. Nf3 Bd7 6. a3 f6 7. b4 cxd4 8. cxd4 fxe5 9. dxe5 Qc7 10. Bb2 Nh6 11. Bd3 Nf7 12. Qe2 g6 13. 0-0 Bg7 14. Re1 Rc8 15. Nbd2 0-0 16. Rac1 Qd8 17. g3 Nh6 18. b5 Na5 19. Rxc8 Bxc8 20. Nd4 Bd7 21. f4 Qb6 22. N2f3 Rc8 23. Rc1 Rxc1+ 24. Bxc1 Nf5 25. Qf2 Nxd4 26. Qxd4 Qxd4+ 27. Nxd4 Bf8 28. Nc2 Nc4 29. Bxc4 dxc4 30. a4 a6 31. Na3 c3 32. Kf2 Bxa3 33. Bxa3 axb5 34. a5 c2 35. Ke3 b4 36. Bb2 Bc6 37. Kd4 b3 38. Kc5 Bf3 39. Kb4 Bd5 40. g4 g5 41. f5 exf5 42. gxf5 Kf7 43. Kc5 Be4 44. f6 h5 45. Kd4 Bf5 46. Ke3 Ke6 47. Kd2 Bg6 48. Ke3 Kd5 49. Kf3 Bf7 50. Ke3 h4 51. Kf3 Bh5+ 52. Ke3 Ke6 53. Ke4 Bg6+ 54. Kf3 Kf5 55. Kf2 g4 56. Kg2 Bf7 57. Kf2 Bd5 58. Kg1 Ke4 59. Kf2 Kd3 60. Ke1 c1Q+ 61. Bxc1 Kc2 62. Ba3 b2 63. Bxb2 Kxb2 64. Kf2 Kc3 0-1

[Event "MGL-ch (Women) 51st"]
[Site "Murun"]
[Date "2019.09.24"]
[Round "5"]
[White "Khulan, Enkhsaikhan"]
[Black "Lkhamsuren, Uuganbayar"]
[Result "1-0"]
[WhiteElo "2085"]
[BlackElo "2161"]
[PlyCount "87"]
[EventDate "2019.09.21"]
[EventType "tourn"]
[EventRounds "11"]
[EventCountry "MGL"]
[SourceTitle "EXT 2020"]
[Source "ChessBase"]
[SourceDate "2019.10.17"]
[SourceVersion "1"]
[SourceVersionDate "2019.10.17"]
[SourceQuality "1"]

1. d4 Nf6 2. c4 e6 3. Nc3 Bb4 4. Qc2 0-0 5. e4 d5 6. e5 Ne4 7. a3 Bxc3+ 8. bxc3 c5 9. Bb2 cxd4 10. cxd4 Qa5+ 11. Ke2 f5 12. f3 Ng5 13. h4 Nf7 14. Kf2 Bd7 15. Bc3 Qc7 16. cxd5 exd5 17. Bd3 Rc8 18. Ne2 g6 19. Rac1 Be6 20. Qb3 Qd7 21. Bb5 Nc6 22. Bb4 a6 23. Bxc6 bxc6 24. Qa4 a5 25. Bc5 Rcb8 26. Rb1 Rb7 27. Nf4 Nd8 28. Rb6 Bf7 29. Rhb1 Rxb6 30. Rxb6 Be8 31. Qb3 Qc8 32. Be7 Qd7 33. Bf6 Bf7 34. Rb8 Qa7 35. Rxd8+ Rxd8 36. Bxd8 Qxd4+ 37. Qe3 Qb2+ 38. Ne2 d4 39. Qxd4 Qxa3 40. Bf6 a4 41. Qa7 Qf8 42. Qxa4 c5 43. Qd7 Bb3 44. Be7 1-0

[Event "MGL-ch (Women) 49th"]
[Site "Dadal"]
[Date "2017.03.24"]
[Round "10"]
[White "Lkhamsuren, Uuganbayar"]
[Black "Anu, Bayar"]
[Result "1-0"]
[WhiteElo "2189"]
[BlackElo "2043"]
[PlyCount "61"]
[EventDate "2017.03.17"]
[EventType "tourn"]
[EventRounds "11"]
[EventCountry "MGL"]
[SourceTitle "CBM 177 Extra"]
[Source "ChessBase"]
[SourceDate "2017.04.27"]
[SourceVersion "1"]
[SourceVersionDate "2017.04.27"]
[SourceQuality "1"]

1. d4 Nf6 2. c4 c5 3. d5 e6 4. Nc3 exd5 5. cxd5 g6 6. Nf3 d6 7. g3 Bg7 8. Bg2 0-0 9. 0-0 Re8 10. h3 a6 11. a4 Ne4 12. Nxe4 Rxe4 13. Nd2 Rb4 14. Qc2 b5 15. axb5 a5 16. Nc4 Rxb5 17. Bf4 Na6 18. Bxd6 Nb4 19. Qd2 Bb7 20. e4 Bd4 21. Be5 f5 22. Bxd4 cxd4 23. Na3 Rb6 24. Qxd4 fxe4 25. Bxe4 Qf6 26. Rfd1 Rd8 27. Nc4 Qxd4 28. Rxd4 Rb5 29. Rxa5 Ba6 30. Rxb5 Bxb5 31. Na3 1-0

[Event "Ulaanbaatar Ikh Nuudel op"]
[Site "Ulaanbaatar"]
[Date "2016.10.04"]
[Round "8"]
[White "Lkhamsuren, Uuganbayar"]
[Black "Batsuren, Dambasuren"]
[Result "0-1"]
[WhiteElo "2147"]
[BlackElo "2222"]
[PlyCount "90"]
[EventDate "2016.09.29"]
[EventType "swiss"]
[EventRounds "9"]
[EventCountry "MGL"]
[SourceTitle "CBM 174 Extra"]
[Source "ChessBase"]
[SourceDate "2016.10.10"]
[SourceVersion "1"]
[SourceVersionDate "2016.10.10"]
[SourceQuality "1"]

1. d4 Nf6 2. c4 e6 3. g3 d5 4. Nf3 b6 5. Bg2 Bb7 6. Ne5 Bb4+ 7. Nc3 0-0 8. Qa4 Bd6 9. 0-0 c5 10. e3 a6 11. f4 Qc7 12. cxd5 b5 13. Qd1 cxd4 14. Qxd4 Bc5 15. Qd3 Rd8 16. Rd1 Nxd5 17. Kh1 Nd7 18. Nf3 Ne5 19. Qe2 Nxc3 20. bxc3 Rxd1+ 21. Qxd1 Rd8 22. Nd4 Bxg2+ 23. Kxg2 Qb7+ 24. Kf2 Nc4 25. Qf3 Qc7 26. Nb3 Bb6 27. a4 Na5 28. Nxa5 Bxa5 29. e4 Bxc3 30. Ra2 bxa4 31. Be3 Qc4 32. Qe2 Qxe4 33. Qxa6 Ra8 34. Qb6 h6 35. Qc5 Qh1 36. Ra3 Qxh2+ 37. Kf3 Qh1+ 38. Kf2 Qe1+ 39. Kg2 Bb4 40. Qc6 Bxa3 41. Qxa8+ Kh7 42. Bf2 Qe2 43. Qa7 Bb4 44. Kg1 Be1 45. Bxe1 Qxe1+ 0-1

[Event "Olympiad Women-42"]
[Site "Baku"]
[Date "2016.09.10"]
[Round "8.4"]
[White "Lkhamsuren, Uuganbayar"]
[Black "Fuchs, Judith"]
[Result "1/2-1/2"]
[WhiteElo "2147"]
[BlackElo "2287"]
[PlyCount "105"]
[EventDate "2016.09.02"]
[EventType "team-swiss"]
[EventRounds "11"]
[EventCountry "AZE"]
[SourceTitle "CBM 174 Extra"]
[Source "ChessBase"]
[SourceDate "2016.10.10"]
[SourceVersion "1"]
[SourceVersionDate "2016.10.10"]
[SourceQuality "1"]
[WhiteTeam "Mongolia (W)"]
[BlackTeam "Germany (W)"]
[WhiteTeamCountry "MGL"]
[BlackTeamCountry "GER"]

1. d4 Nf6 2. c4 g6 3. Nc3 Bg7 4. e4 d6 5. Nf3 0-0 6. Be2 Nbd7 7. 0-0 e5 8. Be3 Re8 9. d5 Nh5 10. g3 Bf8 11. Ne1 Ng7 12. Nd3 Be7 13. Qd2 f5 14. f3 Rf8 15. Rac1 g5 16. exf5 Nxf5 17. Ne4 Nxe3 18. Qxe3 c5 19. dxc6 bxc6 20. Nb4 Bb7 21. Rfd1 a5 22. Nd3 h6 23. h4 Rf7 24. hxg5 hxg5 25. Kg2 c5 26. Ndf2 Nf8 27. Ng4 Rh7 28. Nxc5 Bc8 29. Ne4 Bxg4 30. fxg4 Ne6 31. c5 Nd4 32. cxd6 Bxd6 33. Bc4+ Kg7 34. Nxg5 Qb6 35. Qe4 Qxb2+ 36. Rc2 Qxc2+ 37. Qxc2 Nxc2 38. Rxd6 Ne3+ 39. Kf3 Nxc4 40. Rd7+ Kg6 41. Nxh7 Rh8 42. Rc7 Nb2 43. Ke4 Rxh7 44. Rxh7 Kxh7 45. Kxe5 Kg6 46. Kd4 Kg5 47. Kc5 Kxg4 48. Kb5 a4 49. Kb4 Kxg3 50. Ka3 Nd1 51. Kxa4 Nc3+ 52. Kb3 Nxa2 53. Kxa2 1/2-1/2

[Event "Olympiad Women-42"]
[Site "Baku"]
[Date "2016.09.09"]
[Round "7.4"]
[White "Ankudinova, Elena"]
[Black "Lkhamsuren, Uuganbayar"]
[Result "0-1"]
[WhiteElo "2126"]
[BlackElo "2147"]
[PlyCount "108"]
[EventDate "2016.09.02"]
[EventType "team-swiss"]
[EventRounds "11"]
[EventCountry "AZE"]
[SourceTitle "CBM 174 Extra"]
[Source "ChessBase"]
[SourceDate "2016.10.10"]
[SourceVersion "1"]
[SourceVersionDate "2016.10.10"]
[SourceQuality "1"]
[WhiteTeam "Kazakhstan (W)"]
[BlackTeam "Mongolia (W)"]
[WhiteTeamCountry "KAZ"]
[BlackTeamCountry "MGL"]

1. c4 e5 2. Nc3 Nf6 3. Nf3 Nc6 4. e4 Bc5 5. Nxe5 Nxe5 6. d4 Bb4 7. dxe5 Nxe4 8. Qf3 d5 9. Be2 0-0 10. 0-0 Bxc3 11. bxc3 Qe7 12. cxd5 Qxe5 13. Bd3 Nf6 14. Ba3 Bg4 15. Qg3 Qxg3 16. hxg3 Rfe8 17. f3 Bd7 18. c4 Re3 19. Rfd1 Bf5 20. Bxf5 Rxa3 21. Rd3 Rxd3 22. Bxd3 Kf8 23. g4 h6 24. Re1 Re8 25. Be4 b6 26. Kf2 Ke7 27. Ke3 Kd6 28. Kd4 Re5 29. Rf1 Re7 30. Rc1 Nd7 31. Rh1 Nf6 32. Rc1 Nd7 33. f4 Nc5 34. Bf3 Re8 35. Rh1 Re7 36. Rh5 Re1 37. g5 hxg5 38. Rxg5 g6 39. Re5 Ra1 40. Re2 Rd1+ 41. Ke3 Rd3+ 42. Kf2 Rc3 43. Kg3 Rxc4 44. Kg4 Nd3 45. g3 Rc3 46. Bg2 Nb4 47. Rd2 Rc2 48. Rxc2 Nxc2 49. Kg5 Ne3 50. Kf6 Nxg2 51. Kxf7 Ne3 52. Kxg6 Nxd5 53. f5 Ke7 54. Kg7 Nf6 0-1

[Event "Olomouc IM-B 19th"]
[Site "Olomouc"]
[Date "2016.08.20"]
[Round "9"]
[White "Lkhamsuren, Uuganbayar"]
[Black "Chkhaidze, Nikoloz"]
[Result "0-1"]
[WhiteElo "2123"]
[BlackElo "2261"]
[PlyCount "44"]
[EventDate "2016.08.13"]
[EventType "tourn"]
[EventRounds "9"]
[EventCountry "CZE"]
[EventCategory "3"]
[SourceTitle "CBM 173 Extra"]
[Source "ChessBase"]
[SourceDate "2016.08.29"]
[SourceVersion "1"]
[SourceVersionDate "2016.08.29"]
[SourceQuality "1"]

1. e4 c6 2. d4 d5 3. exd5 cxd5 4. c4 Nf6 5. Nc3 Nc6 6. Bf4 g6 7. Nb5 e5 8. dxe5 Bb4+ 9. Bd2 Bxd2+ 10. Qxd2 Nxe5 11. 0-0-0 0-0 12. f4 Neg4 13. Nf3 Qb6 14. Re1 dxc4 15. Bxc4 Bf5 16. Nc3 Rac8 17. Qe2 Nf2 18. Rhf1 Rxc4 19. Qxc4 Nd3+ 20. Kd2 Qxb2+ 21. Kd1 Rd8 22. Nd4 Bg4+ 0-1

[Event "Olomouc IM-B 19th"]
[Site "Olomouc"]
[Date "2016.08.17"]
[Round "6"]
[White "Pavlov, Sergey1"]
[Black "Lkhamsuren, Uuganbayar"]
[Result "1-0"]
[WhiteElo "2473"]
[BlackElo "2123"]
[PlyCount "73"]
[EventDate "2016.08.13"]
[EventType "tourn"]
[EventRounds "9"]
[EventCountry "CZE"]
[EventCategory "3"]
[SourceTitle "CBM 173 Extra"]
[Source "ChessBase"]
[SourceDate "2016.08.29"]
[SourceVersion "1"]
[SourceVersionDate "2016.08.29"]
[SourceQuality "1"]

1. c4 e5 2. g3 Nf6 3. Bg2 d5 4. cxd5 Nxd5 5. Nc3 Nb6 6. Nf3 Nc6 7. 0-0 Be7 8. a3 0-0 9. b4 Be6 10. d3 f5 11. Bb2 Bf6 12. Nd2 Nd5 13. Rc1 Nxc3 14. Bxc3 Bd5 15. e4 Be6 16. exf5 Bxf5 17. Ne4 Rb8 18. Nc5 Qd6 19. Bb2 Nd8 20. Re1 c6 21. g4 b6 22. Na6 Bc8 23. Nxb8 Qxb8 24. g5 Bxg5 25. Bxe5 Qb7 26. Bd6 Bxc1 27. Bxf8 Kxf8 28. Qf3+ Qf7 29. Qxf7+ Kxf7 30. Rxc1 Bd7 31. Re1 Ne6 32. Bh3 Ke7 33. Kg2 Kd6 34. Bxe6 Bxe6 35. Kf3 Bf5 36. Ke3 g6 37. Kd4 1-0

[Event "Olomouc IM-B 19th"]
[Site "Olomouc"]
[Date "2016.08.15"]
[Round "4"]
[White "Biolek, Richard"]
[Black "Lkhamsuren, Uuganbayar"]
[Result "1-0"]
[WhiteElo "2466"]
[BlackElo "2123"]
[PlyCount "71"]
[EventDate "2016.08.13"]
[EventType "tourn"]
[EventRounds "9"]
[EventCountry "CZE"]
[EventCategory "3"]
[SourceTitle "CBM 173 Extra"]
[Source "ChessBase"]
[SourceDate "2016.08.29"]
[SourceVersion "1"]
[SourceVersionDate "2016.08.29"]
[SourceQuality "1"]

1. e4 e6 2. d3 c5 3. Nf3 Nc6 4. Nbd2 g6 5. g3 Bg7 6. Bg2 Nge7 7. 0-0 0-0 8. Re1 d6 9. a4 e5 10. c3 h6 11. Nf1 Be6 12. Be3 f5 13. exf5 Nxf5 14. N3d2 Qe7 15. c4 Nfd4 16. Ne4 d5 17. cxd5 Bxd5 18. Nf6+ Qxf6 19. Bxd5+ Kh7 20. Nd2 Nb4 21. Bxd4 exd4 22. Ne4 Qf5 23. Bc4 b6 24. f4 Rae8 25. Qd2 Kh8 26. Qg2 Re7 27. Re2 Qd7 28. Rae1 Qg4 29. Nd6 Re3 30. Rxe3 dxe3 31. Qb7 Nc2 32. Nf7+ Kh7 33. Ne5 Qh5 34. Nd7 Rf5 35. Qc8 g5 36. Bg8+ 1-0

[Event "Olomouc IM-B 19th"]
[Site "Olomouc"]
[Date "2016.08.14"]
[Round "3"]
[White "Lkhamsuren, Uuganbayar"]
[Black "Petrova, Kristyna"]
[Result "0-1"]
[WhiteElo "2123"]
[BlackElo "2282"]
[PlyCount "105"]
[EventDate "2016.08.13"]
[EventType "tourn"]
[EventRounds "9"]
[EventCountry "CZE"]
[EventCategory "3"]
[SourceTitle "CBM 173 Extra"]
[Source "ChessBase"]
[SourceDate "2016.08.29"]
[SourceVersion "1"]
[SourceVersionDate "2016.08.29"]
[SourceQuality "1"]

1. d4 Nf6 2. c4 g6 3. Nc3 d5 4. Nf3 Bg7 5. Bf4 0-0 6. e3 c5 7. dxc5 Ne4 8. Be5 Nxc3 9. bxc3 dxc4 10. Bxc4 Nc6 11. Qxd8 Rxd8 12. Bxg7 Kxg7 13. Nd4 Bd7 14. Rb1 Na5 15. Bb5 e5 16. Nf3 Bf5 17. Rb4 Rac8 18. Ra4 Bc2 19. Rxa5 Rd1+ 20. Ke2 Rxh1 21. Rxa7 Rxc5 22. Rxb7 Be4 23. Rb8 Rxc3 24. Ba4 Ra3 25. Bb3 Rb1 26. Re8 Rb2+ 27. Nd2 Bc2 28. Rxe5 Bxb3 29. axb3 Raxb3 30. Rd5 Rc3 31. e4 Kf6 32. h4 h5 33. g3 Ke6 34. Rd4 Ra3 35. Rd8 Ra4 36. Ke3 Rc2 37. Rd3 Ra1 38. Ke2 Raa2 39. Ke3 Ra1 40. Ke2 Ra5 41. Ke3 Raa2 42. Rd4 Ra3+ 43. Ke2 Raa2 44. Ke3 Rc3+ 45. Ke2 Rc6 46. Ke3 Rd6 47. Rxd6+ Kxd6 48. Nc4+ Ke6 49. f4 Rg2 50. Kf3 Rc2 51. Ne3 Rd2 52. f5+ gxf5 53. exf5+ 0-1

[Event "Prague Summer op-A 3rd"]
[Site "Prague"]
[Date "2016.08.11"]
[Round "8"]
[White "Kololli, Martin"]
[Black "Lkhamsuren, Uuganbayar"]
[Result "0-1"]
[WhiteElo "2222"]
[BlackElo "2123"]
[PlyCount "48"]
[EventDate "2016.08.05"]
[EventType "swiss"]
[EventRounds "9"]
[EventCountry "CZE"]
[SourceTitle "CBM 173 Extra"]
[Source "ChessBase"]
[SourceDate "2016.08.29"]
[SourceVersion "1"]
[SourceVersionDate "2016.08.29"]
[SourceQuality "1"]

1. e4 e6 2. d4 d5 3. Bd2 a6 4. Nf3 c5 5. c3 Nc6 6. Bd3 cxd4 7. cxd4 dxe4 8. Bxe4 Be7 9. 0-0 Nf6 10. Nc3 0-0 11. a3 b5 12. Be3 Bb7 13. Re1 Rc8 14. Bb1 Na5 15. Ne5 Nc4 16. Nxc4 Rxc4 17. Qd3 Qd6 18. Ba2 Ng4 19. Bxc4 Qxh2+ 20. Kf1 bxc4 21. Qxc4 Nxe3+ 22. Rxe3 Qh1+ 23. Ke2 Qxa1 24. Nd1 Rc8 0-1

[Event "MGL-ch (Women) 48th"]
[Site "Uliastai"]
[Date "2016.02.23"]
[Round "10"]
[White "Lkhamsuren, Uuganbayar"]
[Black "Batchimeg, Tuvshintugs"]
[Result "0-1"]
[WhiteElo "2136"]
[BlackElo "2395"]
[PlyCount "60"]
[EventDate "2016.02.16"]
[EventType "tourn"]
[EventRounds "11"]
[EventCountry "MGL"]
[SourceTitle "CBM 171 Extra"]
[Source "ChessBase"]
[SourceDate "2016.04.26"]
[SourceVersion "1"]
[SourceVersionDate "2016.04.26"]
[SourceQuality "1"]

1. e4 e5 2. Nf3 Nc6 3. Bb5 a6 4. Ba4 Nf6 5. 0-0 Be7 6. Re1 b5 7. Bb3 0-0 8. h3 Bb7 9. d4 Nxd4 10. Nxd4 exd4 11. e5 Ne8 12. a4 c5 13. c4 bxc4 14. Bxc4 d6 15. f4 dxe5 16. fxe5 Bd5 17. Na3 Nc7 18. Qg4 Ne6 19. Bd3 Bg5 20. Nc4 Rb8 21. Rb1 Rb3 22. Qd1 Rb4 23. Qc2 g6 24. b3 Bxc1 25. Qxc1 Qh4 26. Bf1 Qg3 27. Qd1 Rfb8 28. Nd2 h5 29. Ne4 Bxe4 30. Rxe4 Ng5 0-1

[Event "Moscow op-A"]
[Site "Moscow"]
[Date "2015.02.08"]
[Round "9"]
[White "Zude, Erik"]
[Black "Lkhamsuren, Uuganbayar"]
[Result "1-0"]
[WhiteElo "2378"]
[BlackElo "2106"]
[PlyCount "109"]
[EventDate "2015.01.31"]
[EventType "swiss"]
[EventRounds "9"]
[EventCountry "RUS"]
[SourceTitle "CBM 164 Extra"]
[Source "ChessBase"]
[SourceDate "2015.03.02"]
[SourceVersion "1"]
[SourceVersionDate "2015.03.02"]
[SourceQuality "1"]

1. Nf3 d5 2. g3 Bg4 3. Bg2 c6 4. d3 Nf6 5. 0-0 Nbd7 6. c4 e6 7. cxd5 exd5 8. Nc3 Bd6 9. h3 Bh5 10. e4 0-0 11. g4 Bg6 12. Nh4 Nxe4 13. Nxe4 Bxe4 14. dxe4 Qxh4 15. exd5 c5 16. Be3 f5 17. gxf5 Rxf5 18. Qc2 Re5 19. Rae1 Rae8 20. Bd2 Nf6 21. Rxe5 Rxe5 22. Re1 Rxe1+ 23. Bxe1 Qf4 24. a4 Nh5 25. Bc3 Kf8 26. Qd1 Qh2+ 27. Kf1 Nf4 28. Qg4 g6 29. Qg5 Be7 30. Qg3 Qxg2+ 31. Qxg2 Nxg2 32. Kxg2 Bh4 33. Kf3 Ke7 34. Be5 Kd7 35. Ke3 Bg5+ 36. Kd3 Bh4 37. f3 Be1 38. Kc4 Bf2 39. Bb8 a6 40. Ba7 Kd6 41. Bb6 Be1 42. Bxc5+ Ke5 43. Be3 Ba5 44. Kc5 Bd8 45. b3 h5 46. Bd2 Bc7 47. Bg5 Bd6+ 48. Kb6 Kxd5 49. Kxb7 Kd4 50. Kxa6 Kc3 51. Kb6 Kxb3 52. a5 Kc4 53. a6 Bc5+ 54. Kb7 Kd3 55. h4 1-0

[Event "Moscow op-A"]
[Site "Moscow"]
[Date "2015.02.04"]
[Round "5"]
[White "Tillyaev, Ulugbek"]
[Black "Lkhamsuren, Uuganbayar"]
[Result "0-1"]
[WhiteElo "2404"]
[BlackElo "2106"]
[PlyCount "66"]
[EventDate "2015.01.31"]
[EventType "swiss"]
[EventRounds "9"]
[EventCountry "RUS"]
[SourceTitle "CBM 164 Extra"]
[Source "ChessBase"]
[SourceDate "2015.03.02"]
[SourceVersion "1"]
[SourceVersionDate "2015.03.02"]
[SourceQuality "1"]

1. e4 c6 2. Nc3 d5 3. Nf3 dxe4 4. Nxe4 Bf5 5. Qe2 e6 6. d3 Bb4+ 7. c3 Be7 8. Nd4 Bg6 9. g3 Nf6 10. f4 Nxe4 11. dxe4 e5 12. fxe5 0-0 13. h4 c5 14. h5 cxd4 15. hxg6 fxg6 16. Qh2 h5 17. g4 dxc3 18. gxh5 g5 19. Bc4+ Kh7 20. bxc3 Qc8 21. h6 g6 22. Qe2 b5 23. Bd5 Qxc3+ 24. Kd1 Qxa1 25. Bxa8 Rc8 26. Qb2 Qxb2 27. Bxb2 Nc6 28. Bb7 Rc7 29. Bxc6 Rxc6 30. Kd2 Ra6 31. Kc2 Rxa2 32. Kb3 Ra4 33. Rf1 Kxh6 0-1

[Event "Moscow op-A"]
[Site "Moscow"]
[Date "2015.02.02"]
[Round "3"]
[White "Kotenko, Pavel"]
[Black "Lkhamsuren, Uuganbayar"]
[Result "1/2-1/2"]
[WhiteElo "2359"]
[BlackElo "2106"]
[PlyCount "90"]
[EventDate "2015.01.31"]
[EventType "swiss"]
[EventRounds "9"]
[EventCountry "RUS"]
[SourceTitle "CBM 164 Extra"]
[Source "ChessBase"]
[SourceDate "2015.03.02"]
[SourceVersion "1"]
[SourceVersionDate "2015.03.02"]
[SourceQuality "1"]

1. e4 c6 2. d4 d5 3. Nc3 dxe4 4. Nxe4 Bf5 5. Ng3 Bg6 6. h4 h6 7. Nf3 Nd7 8. h5 Bh7 9. Bd3 Bxd3 10. Qxd3 e6 11. Bf4 Qa5+ 12. Bd2 Bb4 13. c3 Be7 14. c4 Qc7 15. d5 cxd5 16. cxd5 Qd6 17. Qb3 Ngf6 18. dxe6 Qxe6+ 19. Qxe6 fxe6 20. Rc1 Bd6 21. Nf1 Nc5 22. Ke2 Nce4 23. Be3 0-0 24. N1d2 Nxd2 25. Nxd2 Rac8 26. Nc4 Bc5 27. f3 Bxe3 28. Kxe3 Rc5 29. Nd6 Re5+ 30. Ne4 Nxe4 31. fxe4 Rg5 32. Rc2 e5 33. Rh3 Rf1 34. Rf2 Re1+ 35. Kf3 Rg1 36. g3 Re1 37. Kg2 Re3 38. Rd2 Rxe4 39. Kf3 Rb4 40. Rh1 Rf5+ 41. Kg2 e4 42. Rh4 Kf7 43. Re2 Re5 44. Rf4+ Ke6 45. g4 Rd4 1/2-1/2

[Event "Olympiad Women-41"]
[Site "Tromsoe"]
[Date "2014.08.05"]
[Round "4.3"]
[White "Toubal, Hayat"]
[Black "Lkhamsuren, Uuganbayar"]
[Result "0-1"]
[WhiteElo "1938"]
[BlackElo "2125"]
[PlyCount "54"]
[EventDate "2014.08.02"]
[EventType "team-swiss"]
[EventRounds "11"]
[EventCountry "NOR"]
[SourceTitle "CBM 162"]
[Source "ChessBase"]
[SourceDate "2014.09.17"]
[SourceVersion "1"]
[SourceVersionDate "2014.09.17"]
[SourceQuality "1"]
[WhiteTeam "Algeria (W)"]
[BlackTeam "Mongolia (W)"]
[WhiteTeamCountry "ALG"]
[BlackTeamCountry "MGL"]

1. d4 Nf6 2. Nf3 e6 3. Bg5 d5 4. e3 Be7 5. Bd3 0-0 6. 0-0 c5 7. c3 Nc6 8. Nbd2 Qc7 9. dxc5 Rd8 10. Qc2 h6 11. Bh4 e5 12. e4 Bg4 13. Bxf6 Bxf6 14. b4 d4 15. a3 Qd7 16. Bc4 a5 17. Bd5 Ne7 18. c4 Rdc8 19. Qb3 a4 20. Qd3 Ng6 21. g3 Bh3 22. Rfe1 Nf4 23. Qc2 Bg2 24. Reb1 Qh3 25. gxf4 Qg4 26. Nf1 Bxf3+ 27. Ng3 Qh3 0-1

[Event "MGL-ch (Women) 46th"]
[Site "Govi Altai"]
[Date "2014.04.08"]
[Round "7"]
[White "Anu, Bayar"]
[Black "Lkhamsuren, Uuganbayar"]
[Result "0-1"]
[WhiteElo "2002"]
[BlackElo "2098"]
[PlyCount "116"]
[EventDate "2014.04.04"]
[EventType "tourn"]
[EventRounds "11"]
[EventCountry "MGL"]
[SourceTitle "CBM 159 Extra"]
[Source "ChessBase"]
[SourceDate "2014.04.24"]
[SourceVersion "1"]
[SourceVersionDate "2014.04.24"]
[SourceQuality "1"]

1. d4 Nf6 2. c4 e6 3. g3 d5 4. Nf3 Be7 5. Bg2 0-0 6. 0-0 dxc4 7. Qc2 a6 8. Qxc4 b5 9. Qc2 Bb7 10. Bd2 Nbd7 11. Ba5 Bd6 12. Nbd2 Rc8 13. e4 e5 14. dxe5 Nxe5 15. Nxe5 Bxe5 16. Nb3 Qd7 17. Nc5 Qc6 18. Rac1 Nd7 19. Nxb7 Qxb7 20. Rfd1 Nb6 21. Bb4 Rfd8 22. Bh3 Rb8 23. b3 h6 24. Bc5 Bd6 25. Bxd6 cxd6 26. Qc6 d5 27. Qxb7 Rxb7 28. exd5 Rxd5 29. Rxd5 Nxd5 30. Bg2 Rd7 31. Rd1 Nf6 32. Rxd7 Nxd7 33. Bb7 Nc5 34. Bc6 b4 35. Kf1 Kf8 36. Ke2 Ke7 37. Ke3 Kd6 38. Be8 f6 39. Bg6 Ne6 40. Bf7 Nc7 41. Bc4 Kc5 42. f4 a5 43. h3 a4 44. Ke4 Ne8 45. Ke3 Nd6 46. Bd3 a3 47. g4 g5 48. f5 Kd5 49. Bf1 Kc5 50. Bd3 Nb7 51. Bc4 Nd8 52. Bd3 Nc6 53. Bc4 Nd4 54. Kd3 Nf3 55. Ke3 Ne1 56. Kd2 Ng2 57. Bf1 Nf4 58. Ke3 Nd5+ 0-1